Medina de Rioseco / (Record no. 44023)

MARC details
000 -LEADER
campo de control de longitud fija 00927nam a2200241 i 4500
001 - NÚMERO DE CONTROL
campo de control 44023
003 - IDENTIFICADOR DE NÚMERO DE CONTROL
campo de control ES-MaACL
005 - FECHA Y HORA DE LA ÚLTIMA TRANSACCIÓN
campo de control 20230906160933.0
007 - CAMPO FIJO DE DESCRIPCIÓN FÍSICA--INFORMACIÓN GENERAL
campo de control de longitud fija t|
008 - DATOS DE LONGITUD FIJA--INFORMACIÓN GENERAL
campo de control de longitud fija 030320s1960 sp ||||1| spa d
100 0# - ENTRADA PRINCIPAL--NOMBRE DE PERSONA
Nombre de persona García Chico, Esteban.
9 (RLIN) 54369
245 10 - MENCIÓN DEL TÍTULO
Título Medina de Rioseco /
Mención de responsabilidad, etc. por Esteban García Chico ; prólogo del Excmo. Sr. D. Emiliano Berzosa Recio.
250 ## - MENCION DE EDICION
Mención de edición 2ª ed. aum. con notas y documentos.
260 ## - PUBLICACIÓN, DISTRIBUCIÓN, ETC.
Lugar de publicación, distribución, etc. Valladolid :
Nombre del editor, distribuidor, etc. Diputación Provincial,
Fecha de publicación, distribución, etc. 1960 (
Fabricante Andrés Martín)
300 ## - DESCRIPCIÓN FÍSICA
Extensión 228 p., CLX p. de lám. :
Otras características físicas il. ;
Dimensiones 24 cm.
490 1# - MENCIÓN DE SERIE
Mención de serie Catálogo monumental de la provincia de Valladolid ;
Designación de volumen o secuencia 1
504 ## - NOTA DE BIBLIOGRAFÍA, ETC.
Nota de bibliografía, etc. Bibliografía: p. [225]-228. Índices.
650 #4 - PUNTO DE ACCESO ADICIONAL DE MATERIA--TÉRMINO DE MATERIA
Término de materia o nombre geográfico como elemento de entrada Arte-
Subdivisión geográfica Medina de Rioseco.
9 (RLIN) 167480
700 1# - ENTRADA AGREGADA--NOMBRE PERSONAL
Nombre de persona Berzosa Recui, Emiliano.
9 (RLIN) 28557
830 0# - PUNTO DE ACCESO ADICIONAL DE SERIE-TÍTULO UNIFORME
Título uniforme Catálogo monumental de la provincia de Valladolid ;
Designación de volumen o secuencia 1
9 (RLIN) 184522
852 ## - LOCALIZACIÓN
Ubicación ES-MaACL
Número de control de estantería P-628
Sublocalización o colección R.46335
Holdings
Estatus retirado Estado de pérdida Estado de daño No para préstamo Biblioteca de origen Biblioteca actual Ubicación en estantería Fecha de adquisición Fuente de adquisición Total de préstamos Signatura topográfica completa Código de barras Visto por última vez Precio de reemplazo Tipo de ítem Koha
        Biblioteca del Ateneo de Madrid Biblioteca del Ateneo de Madrid Depósito 2 17/01/2008     P-628 1046335 23/02/2023 23/02/2023 Libro impreso